<?xml version="1.0" encoding="UTF-8"?>
<record
    xmlns:xsi="http://www.w3.org/2001/XMLSchema-instance"
    xsi:schemaLocation="http://www.loc.gov/MARC21/slim http://www.loc.gov/standards/marcxml/schema/MARC21slim.xsd"
    xmlns="http://www.loc.gov/MARC21/slim">

  <leader>01904nam a22002897a 4500</leader>
  <controlfield tag="005">20220114094950.0</controlfield>
  <controlfield tag="008">220114b           ||||| |||| 00| 0 eng d</controlfield>
  <datafield tag="020" ind1=" " ind2=" ">
    <subfield code="a">0745308333</subfield>
  </datafield>
  <datafield tag="040" ind1=" " ind2=" ">
    <subfield code="c">AL</subfield>
  </datafield>
  <datafield tag="041" ind1=" " ind2=" ">
    <subfield code="a">eng</subfield>
  </datafield>
  <datafield tag="082" ind1=" " ind2=" ">
    <subfield code="2">23</subfield>
    <subfield code="a">337.73</subfield>
    <subfield code="b">BELD</subfield>
  </datafield>
  <datafield tag="100" ind1=" " ind2=" ">
    <subfield code="a">Walden Bello and others</subfield>
    <subfield code="9">13169</subfield>
  </datafield>
  <datafield tag="245" ind1=" " ind2=" ">
    <subfield code="a">Dark Victory: The United States, Structural Adjustment and Global Poverty</subfield>
  </datafield>
  <datafield tag="260" ind1=" " ind2=" ">
    <subfield code="a">Malaysia</subfield>
    <subfield code="b">Third World Network</subfield>
    <subfield code="c">1994</subfield>
  </datafield>
  <datafield tag="300" ind1=" " ind2=" ">
    <subfield code="a">xii.148 p.</subfield>
    <subfield code="b">PB</subfield>
    <subfield code="c">21x14 cm.</subfield>
  </datafield>
  <datafield tag="365" ind1=" " ind2=" ">
    <subfield code="b">125.00</subfield>
    <subfield code="c">&#x20B9;</subfield>
    <subfield code="d">125.00</subfield>
  </datafield>
  <datafield tag="520" ind1=" " ind2=" ">
    <subfield code="a">As we enter the 21st century, many countries of the South are in a state of economic crisis, with once optimistic visions of the future cruelly dashed by rising mass poverty, inequality, and hunger. At the same time, working people in the North find their living standards declining. Dark Victory reveals the roots of these global trends in a sweeping strategy of global economic rollback unleashed by the US to shore up the North&#x92;s domination of the international economy and reassert corporate control.
Bello argues that lower barriers to imports, removal of restrictions on foreign investments, privatization of state-owned activities, reduction in social welfare spending, and wage cuts and devaluation of local currencies&#x96;all conditions of structural adjustment loans from the North-have had disastrous consequences. Hailed as a classic study of global poverty, Dark Victory is now reissued with a new epilogue by the authors.</subfield>
  </datafield>
  <datafield tag="650" ind1=" " ind2=" ">
    <subfield code="a">United States Politics and Government 1980</subfield>
    <subfield code="9">13158</subfield>
  </datafield>
  <datafield tag="650" ind1=" " ind2=" ">
    <subfield code="a">United States Relations-Third World</subfield>
    <subfield code="9">13170</subfield>
  </datafield>
  <datafield tag="650" ind1=" " ind2=" ">
    <subfield code="a">International Monetary Fund-Third World Countries</subfield>
    <subfield code="9">13171</subfield>
  </datafield>
  <datafield tag="650" ind1=" " ind2=" ">
    <subfield code="a">World Bank-Third World Countries</subfield>
    <subfield code="9">13172</subfield>
  </datafield>
  <datafield tag="650" ind1=" " ind2=" ">
    <subfield code="a">Third World-Economic Policy-1980</subfield>
    <subfield code="9">13173</subfield>
  </datafield>
  <datafield tag="700" ind1=" " ind2=" ">
    <subfield code="a">BELLO (Walden)</subfield>
    <subfield code="9">13164</subfield>
  </datafield>
  <datafield tag="710" ind1=" " ind2=" ">
    <subfield code="a">CUNNINGHHAM (Shea)</subfield>
    <subfield code="9">13165</subfield>
  </datafield>
  <datafield tag="710" ind1=" " ind2=" ">
    <subfield code="a">RAU (Bill)</subfield>
    <subfield code="9">13166</subfield>
  </datafield>
  <datafield tag="942" ind1=" " ind2=" ">
    <subfield code="2">ddc</subfield>
    <subfield code="c">GF</subfield>
  </datafield>
  <datafield tag="999" ind1=" " ind2=" ">
    <subfield code="c">221183</subfield>
    <subfield code="d">221183</subfield>
  </datafield>
  <datafield tag="952" ind1=" " ind2=" ">
    <subfield code="0">0</subfield>
    <subfield code="1">0</subfield>
    <subfield code="2">ddc</subfield>
    <subfield code="4">0</subfield>
    <subfield code="7">0</subfield>
    <subfield code="8">ECO</subfield>
    <subfield code="a">AL</subfield>
    <subfield code="b">AL</subfield>
    <subfield code="d">2013-03-24</subfield>
    <subfield code="l">0</subfield>
    <subfield code="o">337.73 BELD</subfield>
    <subfield code="p">GF03372</subfield>
    <subfield code="r">2022-01-14 00:00:00</subfield>
    <subfield code="w">2022-01-14</subfield>
    <subfield code="y">GF</subfield>
  </datafield>
</record>
